<?xml version="1.0" encoding="UTF-8"?>
<collection xmlns="http://www.loc.gov/MARC21/slim">
 <record>
  <leader>     na                 </leader>
  <controlfield tag="001">INLIS000000000004937</controlfield>
  <controlfield tag="005">20250726114058</controlfield>
  <datafield tag="035" ind1=" " ind2=" ">
   <subfield code="a">0010-0725000223</subfield>
  </datafield>
  <controlfield tag="008">250726                |          | |  </controlfield>
  <datafield tag="245" ind1="1" ind2=" ">
   <subfield code="a">Peningkatan Hasil Belajar IPS Melalui Model Snowball Throwing Pada Siswa Kelas IV B SDN 031 Tenggarong Tahun Pembelajaran 2019/2020 /</subfield>
   <subfield code="c">Darma Surya Dhani</subfield>
  </datafield>
  <datafield tag="100" ind1=" " ind2=" ">
   <subfield code="a">Dhani, Darma Surya</subfield>
  </datafield>
  <datafield tag="260" ind1=" " ind2=" ">
   <subfield code="a">Tenggarong :</subfield>
   <subfield code="b">FKIP-Universitas Kutai Kartanegara,</subfield>
   <subfield code="c">2020</subfield>
  </datafield>
  <datafield tag="300" ind1=" " ind2=" ">
   <subfield code="a">52 hlm. ;</subfield>
   <subfield code="c">21x30 cm</subfield>
  </datafield>
  <datafield tag="084" ind1=" " ind2=" ">
   <subfield code="a">370 DHA P C.1</subfield>
  </datafield>
  <datafield tag="082" ind1=" " ind2=" ">
   <subfield code="a">370</subfield>
  </datafield>
  <datafield tag="650" ind1=" " ind2="4">
   <subfield code="a">Pendidikan</subfield>
  </datafield>
  <datafield tag="520" ind1=" " ind2=" ">
   <subfield code="a">Darma Surya Dhani (2020)</subfield>
  </datafield>
  <datafield tag="520" ind1=" " ind2=" ">
   <subfield code="a">Peningkatan Hasil Belajar IPS Melalut Model Snowball Throwing pada Stawa Kelas IV B di SDN 031 Tenggarong Tahun Pelajaran 2019/2020. (dibumbing oleh ibu Wiwik Angranti, S.Sos.I. M.Pd., selaku Pembimbing I dan Bapak Dr. Zen Istiarsono, S.Pi, S.Pd., M.Pd., selaku pembimbing II).&lt;br/&gt;Kata Kunci Peningkatan, Hasil Belajar IPS, dan Model Snowball Throwing. &lt;br/&gt;Latar belakang dalam penelitian ini karena rendahnya has?l siswa dalam Pelajaran IPS sehingga membuat hasil belajar siswa dibawah nilai KBM dengan standar nilai 70, penelitian ini bertujuan untuk mengetahui peningkatan hasil belajar IPS melalui model snowball throwing pada siswa kelas IV B SDN 031 Tenggarong Jenis penelitian yang digunakan yaitu Penelitian Tindakan Kelas (PTK), yang dilaksanakan pada bulan Agustus -November 2019 sebanyak dua siklus dari setiap siklusnya terdiri dari 2 kali pertemuan. Subjek pada penelitian ini adalah siswa kelas IV B yang berjumlah 23 orang siswa dan yang menjadi objek penelitian ini adalah model snowball throwing. Pengumpulan data menggunakan observas?, dan tes hasil belajar pada setiap siklus, hasil penelitian sebelumnya menunjukkan pada rekapitulas? hasil belajar kondisi awal memiliki rata-rata nilai sebesar 63,91 dengan siswa tuntas hanya 10 orang siswa atau dengan nilai persentase ketuntasan 43,47%. Pada siklus I mengalami peningkatan dengan rata rata nilai sebesar 65,95 jumlah siswa yang tuntas meningkat sebanyak 14 orang siswa dengan persentase ketuntasan mencapai 60,86%, refleksi siklus I peneliti memberikan penjelasan lebih detail kepada guru tentang model Snowball Throwing untuk menghadap? siklus II. Pada siklus II mengalami peningkatan yang baik dengan rata-rata nilai sebesar 76,30 dan persentase ketuntasan mencapai 86,95% dengan siswa yang tuntas sebanyak 20 orang siswa, refleksi siklus II berdasarkan dialog antara peneliti dan observer/Guru IPS kelas IV maka diputuskan bahwa penelitian in? dilakukan hanya sampai siklus II. &lt;br/&gt;Berdasarkan penjelasan diatas dapat disimpulkan bahwa model Snowball Throwing dapat memberikan Peningkatan hasil belajar IPS pada siswa kelas IV B SDN 031 Tenggarong Tahun Pembelajaran 2019/2020. Disarankan kepada guru, hendaknya model Snowball Throwing dapat diterapkan dalam proses pembelajaran. &lt;br/&gt;</subfield>
  </datafield>
  <datafield tag="990" ind1=" " ind2=" ">
   <subfield code="a">220213110008198</subfield>
  </datafield>
 </record>
</collection>
